Design and fabrication of ultralight aircraft using incountry resources (Record no. 322837)
[ view plain ]
| 000 -LEADER | |
|---|---|
| fixed length control field | 00513 a2200133 4500 |
| 001 - CONTROL NUMBER | |
| control field | 87764 |
| 082 ## - DEWEY DECIMAL CLASSIFICATION NUMBER | |
| Classification number | PR 141 |
| 090 ## - LOCALLY ASSIGNED LC-TYPE CALL NUMBER (OCLC); LOCAL CALL NUMBER (RLIN) | |
| -- | 41223 |
| -- | 41223 |
| 100 ## - MAIN ENTRY--PERSONAL NAME | |
| Personal name | Syed Hassan Mahmood Wasti, N/C 060901; Mohamamd Usman Usmani, N/C 060906 ; Humayan Yousaf, N/C 050803; Muhammad Ali, N/C 060904; Bilal, N/C 060907 69 EC |
| 245 ## - TITLE STATEMENT | |
| Title | Design and fabrication of ultralight aircraft using incountry resources |
| 260 ## - PUBLICATION, DISTRIBUTION, ETC. | |
| Place of publication, distribution, etc. | Risalpur |
| Name of publisher, distributor, etc. | NUST, Risalpur |
| Date of publication, distribution, etc. | 2010 |
| 300 ## - PHYSICAL DESCRIPTION | |
| Extent | 118p. |
| Accompanying material | Messam Abbas, Wg Cdr |
| 500 ## - GENERAL NOTE | |
| General note | BE Project Reports |
| 942 ## - ADDED ENTRY ELEMENTS (KOHA) | |
| Institution code [OBSOLETE] | CAE NUST |
| Call number prefix | PR 141 |
| Withdrawn status | Lost status | Damaged status | Not for loan | Collection code | Permanent Location | Current Location | Date acquired | Total Checkouts | Full call number | Barcode | Date last seen | Price effective from | Koha item type |
|---|---|---|---|---|---|---|---|---|---|---|---|---|---|
| College of Aeronautical Engineering (CAE) | College of Aeronautical Engineering (CAE) | 04/03/2017 | PR 141 | CAEPR-141 | 04/05/2017 | 04/05/2017 | Book |
